| 000 | 00888cam a2200265 i 4500 | ||
|---|---|---|---|
| 999 |
_c5642 _d5642 |
||
| 001 | 326480 | ||
| 003 | GBCCL | ||
| 005 | 20241126110546.0 | ||
| 008 | 750822s1975 ilu b 000 0beng | ||
| 010 | _a 75007248 | ||
| 020 |
_a0877844844 : _c$2.25 |
||
| 040 |
_aDLC _cDLC _dDLC |
||
| 050 | 0 | 0 |
_aBV3793 _b.P7 1975 |
| 082 | 0 | 0 |
_a253.7 _bPRI |
| 100 | 1 |
_aPrior, Kenneth Francis William. _97049 |
|
| 245 | 1 | 4 |
_aThe Gospel in a pagan society : _ba book for modern evangelists / _cKenneth F. W. Prior. |
| 260 |
_aDowners Grove, Ill. : _bInterVarsity Press, _c1975. |
||
| 300 |
_a126 p. ; _c18 cm. |
||
| 504 | _aIncludes bibliographical references. | ||
| 600 | 0 | 0 |
_aPaul, _cthe Apostle, Saint. _91848 |
| 630 | 0 | 0 |
_aBible. _pActs, XVII, 16-34 _xCriticism, interpretation, etc. _910190 |
| 650 | 0 |
_aEvangelistic work. _9290 |
|
| 906 |
_a7 _bcbc _corignew _d2 _eocip _f19 _gy-gencatlg |
||
| 942 |
_2ddc _cBK |
||